Jóvenes para un pueblo nuevo
Gardado en:
| Formato: | Libro |
|---|---|
| Idioma: | Lingua castelá |
| Publicado: |
Santiago
ISPAJ
1994
|
| Edición: | 3a. ed |
| Subjects: | |
| Tags: |
Engadir etiqueta
Sen Etiquetas, Sexa o primeiro en etiquetar este rexistro!
|
MARC
| LEADER | 00000nam a2200000 a 4500 | ||
|---|---|---|---|
| 001 | UCK5336 | ||
| 003 | CL-VaPUC | ||
| 008 | 050722e19940000CL |||||||||||||||||spa|d | ||
| 082 | 0 | 4 | |a 259.23 |b JOV |2 21 |
| 245 | 1 | 0 | |a Jóvenes para un pueblo nuevo |
| 250 | |a 3a. ed | ||
| 300 | |a v | ||
| 942 | |c BK | ||
| 945 | |d 20050722 00:00:00 |a cmena | ||
| 260 | |a Santiago |b ISPAJ |c 1994 | ||
| 500 | |a v.1: Itinerario para la iniciación del camino comunitario | ||
| 500 | |a v.2: Itinerario para la maduración de la fraternidad | ||
| 500 | |a v.3: Itinerario para la maduración de la misión | ||
| 650 | 7 | |a PASTORAL JUVENIL |2 CL-VaPUC |9 494071 | |
| 650 | 0 | |a Juventud |9 271073 | |
| 650 | 0 | |a Educación religiosa |9 308312 | |
| 583 | |a last modification |c 20050722 00:00:00 |k Rodrigo Vera | ||
| 999 | |c 313913 |d 313911 | ||
| 952 | |0 0 |1 0 |4 0 |6 259_230000000000000_JOV_1994 |7 0 |8 A |9 385705 |a BIBEDU |b BIBEDU |d 2019-11-22 |h v.1 |i 4148398 |o 259.23 JOV 1994 |p 4148398 |r 2019-11-22 |w 2019-11-22 |y BK |k EBA | ||
| 952 | |0 0 |1 0 |4 0 |6 259_230000000000000_JOV_1994 |7 0 |8 A |9 385706 |a BIBEDU |b BIBEDU |d 2019-11-22 |h v.2 |i 4148401 |o 259.23 JOV 1994 |p 4148401 |r 2019-11-22 |w 2019-11-22 |y BK |k EBA | ||
| 952 | |0 0 |1 0 |4 0 |6 259_230000000000000_JOV_1994 |7 0 |8 A |9 385707 |a BIBEDU |b BIBEDU |d 2019-11-22 |h v.3 |i 414841K |o 259.23 JOV 1994 |p 414841K |r 2019-11-22 |w 2019-11-22 |y BK |k EBA | ||